Tous les héros de Heroes of the Storm - Statistiques

Statistiques générales
  • Ce quiz a été pris 141 fois
  • Le résultat moyen est 43 sur 90
Statistiques - réponses
Univers Catégorie Réponse % Correct
Diablo Guerrier défensif Diablo
79%
Starcraft Soutien Abathur
75%
Starcraft Assassin à distance Raynor
73%
Overwatch Guerrier offensif D.va
71%
Overwatch Assassin à distance Tracer
71%
Starcraft Guerrier offensif Artanis
67%
Overwatch Assassin à distance Genji
67%
Overwatch Assassin à distance Hanzo
67%
Diablo Assassin à distance Li-Ming
67%
Starcraft Assassin à distance Nova
65%
Nexus Soutien Les vikings perdus
63%
Overwatch Soigneur Lucio
63%
Warcraft Guerrier offensif Thrall
63%
Diablo Assassin à distance Valla
63%
Warcraft Guerrier offensif Varian
63%
Starcraft Assassin en mélée Zeratul
63%
Overwatch Soigneur Ana
60%
Warcraft Guerrier défensif Cho
60%
Warcraft Assassin en mélée Illidan
60%
Starcraft Assassin en mélée Kerrigan
60%
Starcraft Assassin à distance Tychus
60%
Starcraft Assassin à distance Zagara
60%
Overwatch Soutien Zarya
60%
Warcraft Soigneur Anduin
58%
Warcraft Guerrier défensif Garrosh
58%
Starcraft Soigneur Lieutenant Morales
58%
Warcraft Soigneur Lili
58%
Warcraft Guerrier défensif Arthas
56%
Warcraft Guerrier défensif Balafré
56%
Warcraft Assassin en mélée Bourbie
56%
Warcraft Guerrier défensif Muradin
56%
Diablo Guerrier défensif Tyraël
56%
Overwatch Assassin à distance Chacal
54%
Warcraft Assassin à distance Gall
54%
Warcraft Assassin à distance Jaina
54%
Warcraft Assassin à distance Kael'thas
54%
Warcraft Soigneur Malfurion
54%
Starcraft Guerrier défensif Kramer
52%
Overwatch Guerrier défensif Mei
52%
Warcraft Soigneur Uther
52%
Warcraft Soigneur Luisaile
50%
Starcraft Assassin à distance Sergent Marteau
50%
Diablo Guerrier offensif Sonya
50%
Starcraft Assassin à distance Tassadar
50%
Warcraft Guerrier offensif Aile de mort
46%
Warcraft Soutien Medivh
46%
Nexus Assassin à distance Orphéa
46%
Starcarft Soigneur Stukov
46%
Warcraft Assassin à distance Sylvanas
46%
Warcraft Guerrier défensif Anub'arak
44%
Warcraft Guerrier offensif Chen
44%
Diablo Guerrier défensif Johanna
44%
Warcraft Assassin à distance Kel'Thuzad
44%
Diablo Assassin à distance Nasibo
44%
Warcraft Soigneur Rehgar
44%
Warcraft Assassin à distance Zul'jin
44%
Starcraft Guerrier offensif Dehaka
42%
Warcraft Assassin à distance Gul'dan
42%
Diablo Assassin en mélée Le boucher
42%
Warcraft Guerrier offensif Rexxar
42%
Warcraft Soigneur Tyrande
42%
Warcraft Assassin en mélée Valeera
42%
Starcraft Assassin à distance EDN-OS
40%
Warcraft Guerrier défensif E.T.C.
40%
Diablo Assassin à distance Asmodan
38%
Warcraft Assassin à distance Grisetête
38%
Diablo Soigneur Karazim
38%
Diablo Guerrier offensif Malthaël
38%
Diablo Assassin à distance Méphisto
38%
Diablo Guerrier offensif Xul
38%
Starcraft Assassin en mélée Alarak
35%
Warcraft Soigneur Blanchetête
35%
Warcraft Assassin à distance Chromie
35%
Diablo Guerrier offensif Impérius
35%
Diablo Soigneur Auriel
33%
Diablo Soigneur Deckard
33%
Warcraft Guerrier offensif Ragnaros
33%
Warcraft Guerrier offensif Lardeur
31%
Diablo Guerrier offensif Léoric
29%
Nexus Assassin en mélée Qhira
29%
Warcraft Soigneur Alexstraza
27%
Warcraft Assassin à distance Falstad
27%
Warcraft Assassin en mélée Samuro
27%
Starcraft Assassin à distance Fénix
25%
Diablo Assassin à distance Cassia
23%
Warcraft Assassin à distance Lunara
21%
Warcraft Guerrier offensif Yrel
19%
Warcraft Guerrier offensif Gazleu
17%
Warcraft Guerrier défensif MalGanis
17%
Warcraft Assassin en mélée Maiev
15%
Aucun quiz correspondant
Distribution des résultats
% des personnes avec chaque résultat
Percentile par nombre de réponses
Votre historique - résultats
Vous n’avez pas pris ce quiz